Altered Flags - Part 3 - Statistics

General Stats
  • This quiz has been taken 64 times
  • The average score is 15 of 20
Answer Stats
Question Answer % Correct
Altered
100%
Altered
83%
Altered
83%
Altered
83%
Altered
83%
Unaltered
83%
Unaltered
83%
Unaltered
83%
Unaltered
83%
Unaltered
83%
Unaltered
83%
Altered
67%
Altered
67%
Altered
67%
Unaltered
67%
Unaltered
67%
Unaltered
67%
Altered
50%
Altered
50%
Altered
17%
No matching quizzes found
Score Distribution
Percent of People with Each Score
Percentile by Number Answered
Your Score History
You have not taken this quiz